000 00319nam a22001337a 4500
005 20250812163243.0
020 _a978-81-88135-62-2
082 _a811.214.21 SAS
100 _aSASTRI, Acharya Kapil
245 _aHanuman kee bal leelayen
260 _aNew Delhi
_bAnurodh Prakashan
_c2023
300 _a96p.
942 _cBK
999 _c75474
_d75474